| 000 | 00530nam a2200193 i 4500 | ||
|---|---|---|---|
| 001 | bg | ||
| 100 | 1 |
_aGiergiel, Józef _d(1931- ). |
|
| 245 | 0 |
_aTłumienie drgań mechanicznych / _cJózef Giergiel. |
|
| 260 |
_aWarszawa : _bPaństw. Wydaw. Naukowe, _c1990. |
||
| 300 |
_a200 s. : _brys., wykr. ; _c24 cm. |
||
| 504 | _aBibliogr. s. 199-200. | ||
| 020 | _a8301089083 | ||
| 040 | _cBPK | ||
| 041 | _apol | ||
| 080 | _a534:621.01](075.8) | ||
| 920 | _a83-01-08908-3 | ||
| 942 | _cKS | ||
| 008 | s pl f |000 0 pol | ||
| 999 |
_c4124 _d4124 |
||
| 856 |
_uhttp://koha.tu.koszalin.pl/cgi-bin/koha/opac-detail.pl?biblionumber=4124 _yKatalog online BPK |
||